مكتبة جامعة عجلون الوطنية

فهرس بحث المكتبة

Normal view MARC view
  • الصغير،محمد حسين علي

Entry Personal Name

Number of records used in: 1

001 - CONTROL NUMBER

  • control field: 20330

003 - CONTROL NUMBER IDENTIFIER

  • control field: JO-AjAnu

005 - DATE AND TIME OF LATEST TRANSACTION

  • control field: 20230606073534.0

008 - FIXED-LENGTH DATA ELEMENTS

  • fixed length control field: 230606|| aca||aabn | a|a d

040 ## - CATALOGING SOURCE

  • Original cataloging agency: JO-AjAnu
  • Transcribing agency: JO-AjAnu

100 ## - HEADING--PERSONAL NAME

  • Personal name: الصغير،محمد حسين علي

670 ## - SOURCE DATA FOUND

  • Source citation: Work cat.: (JO-AjAnu)10439: الصغير،محمد حسين علي, author, الإمام زين العابدين :القائد-الداعية-الإنسان